Prophecy in our time / (Record no. 288449)
[ view plain ]
| 000 -LEADER | |
|---|---|
| fixed length control field | 00511nam a22001810 4500 |
| 003 - CONTROL NUMBER IDENTIFIER | |
| control field | PILC |
| 005 - DATE AND TIME OF LATEST TRANSACTION | |
| control field | 20150824121724.0 |
| 008 - FIXED-LENGTH DATA ELEMENTS--GENERAL INFORMATION | |
| fixed length control field | 970605 |
| 050 ## - LIBRARY OF CONGRESS CALL NUMBER | |
| Classification number | BF 1791 |
| Item number | .Eb73 1968 |
| 100 1# - MAIN ENTRY--PERSONAL NAME | |
| Personal name | Ebon, Martin. |
| 245 10 - TITLE STATEMENT | |
| Title | Prophecy in our time / |
| Statement of responsibility, etc | Martin Ebon. |
| 260 ## - PUBLICATION, DISTRIBUTION, ETC. (IMPRINT) | |
| Place of publication, distribution, etc | California : |
| Name of publisher, distributor, etc | Wilshire Book, |
| Date of publication, distribution, etc | 1968. |
| 300 ## - PHYSICAL DESCRIPTION | |
| Extent | 240 pages ; |
| Dimensions | 21 cm. |
| 500 ## - GENERAL NOTE | |
| General note | Includes bibliographical references and index. |
| 650 ## - SUBJECT ADDED ENTRY--TOPICAL TERM | |
| Topical term or geographic name as entry element | Prophecies. |
| 650 ## - SUBJECT ADDED ENTRY--TOPICAL TERM | |
| Topical term or geographic name as entry element | Visions. |
| 942 ## - ADDED ENTRY ELEMENTS (KOHA) | |
| Source of classification or shelving scheme | Library of Congress Classification |
| Koha item type | Books |
| Call number prefix | Foreign |
| Withdrawn status | Lost status | Source of classification or shelving scheme | Damaged status | Home library | Current library | Shelving location | Date acquired | Source of acquisition | Total Checkouts | Full call number | Barcode | Date last seen | Price effective from | Koha item type |
|---|---|---|---|---|---|---|---|---|---|---|---|---|---|---|
| Library of Congress Classification | Archives | Archives | 08/24/2015 | Donation | BF 1791 .Eb73 1968 | C19742 | 05/15/2018 | 08/24/2015 | Books |